Statistics for The Unabomber Quiz

Click here to take the quiz!

General Stats

  • This quiz has been taken 47 times
  • The average score is 7 of 11

Answer Stats

HintAnswer% Correct
Amount of people he killed3
93%
Real nameTheodore Kaczynksi
83%
Year of apprehension1996
76%
Amount of people he injured23
76%
City he was born inChicago
66%
Name of his manifestoIndustrial society and it's future
66%
Newspaper his manifesto was published inWashington Post
51%
Money reward for turning him in1 million
49%
Infamous CIA project he was a part ofMKUltra
46%
Other nameFC
41%
Location of the cabin where he built his bombsLincoln
37%

Score Distribution

Percentile by Number Answered

Percent of People with Each Score

Your Score History

You have not taken this quiz